[Event "Titled Tuesday intern op 02nd Apr Early"]
[Site "Chess.com INT"]
[Date "2024.04.02"]
[Round "3"]
[White "Nadanian, Ashot S"]
[Black "Schrik, Rachid"]
[Result "1-0"]
[WhiteElo "2248"]
[BlackElo "2131"]
[PlyCount "65"]
[EventDate "2024.04.02"]
[EventType "swiss (blitz)"]
[EventRounds "11"]
[EventCountry "USA"]
[SourceTitle "CB15_2024"]
[SourceDate "2024.04.10"]
[SourceVersion "1"]
[SourceVersionDate "2024.04.10"]
[SourceQuality "1"]

1. e4 c5 2. d3 g6 3. g3 Bg7 4. Bg2 Nc6 5. f4 e6 6. c3 d5 7. Nf3 h5 8. 0-0 h4 9. Nxh4 Rxh4 10. gxh4 Nf6 11. Na3 b6 12. f5 gxf5 13. exf5 exf5 14. Bg5 Be6 15. h5 Qd7 16. h6 Bh8 17. Qe1 0-0-0 18. Qh4 Ng4 19. Bxd8 Nxd8 20. Rae1 Nc6 21. Nc2 Bf6 22. Qh5 Qd8 23. Rxf5 Nxh6 24. Qxh6 Bxf5 25. Rf1 Bg6 26. Ne3 d4 27. Nd5 Be5 28. Nf4 Ne7 29. Nxg6 Nxg6 30. Qh3+ Kb8 31. c4 Nf4 32. Qf3 Kc7 33. Qc6+ 1-0

[Event "Titled Tuesday intern op 21st Mar Late"]
[Site "Chess.com INT"]
[Date "2023.03.21"]
[Round "2"]
[White "Bashirli, Nail Qoshqar"]
[Black "Schrik, Rachid"]
[Result "1-0"]
[WhiteElo "2343"]
[BlackElo "2182"]
[PlyCount "43"]
[EventDate "2023.03.21"]
[EventType "swiss (blitz)"]
[EventRounds "11"]
[EventCountry "USA"]
[SourceTitle "EXT 2024"]
[Source "ChessBase"]
[SourceDate "2023.10.10"]
[SourceVersion "1"]
[SourceVersionDate "2023.10.10"]
[SourceQuality "1"]

1. e4 c5 2. Nc3 Nc6 3. Nf3 e5 4. Bc4 Be7 5. d3 d6 6. 0-0 Nf6 7. Nd5 Nxd5 8. Bxd5 0-0 9. c3 Be6 10. h3 Bf6 11. Qb3 Qc8 12. Nh2 Bxd5 13. exd5 Ne7 14. f4 exf4 15. Bxf4 Qd7 16. Ng4 Bh4 17. a4 Ng6 18. Qc4 f5 19. Ne3 Rfe8 20. Rf3 Nxf4 21. Qxf4 g6 22. Qxh4 1-0

[Event "Titled Tuesday intern op 08th Nov Early"]
[Site "Chess.com INT"]
[Date "2022.11.08"]
[Round "1"]
[White "Schrik, Rachid"]
[Black "Beerdsen, Thomas"]
[Result "1-0"]
[WhiteElo "2198"]
[BlackElo "2520"]
[PlyCount "135"]
[EventDate "2022.11.08"]
[EventType "swiss (blitz)"]
[EventRounds "11"]
[EventCountry "USA"]
[SourceTitle "EXT 2024"]
[Source "ChessBase"]
[SourceDate "2023.10.10"]
[SourceVersion "1"]
[SourceVersionDate "2023.10.10"]
[SourceQuality "1"]

1. d4 d5 2. c4 Nc6 3. Nf3 Bg4 4. cxd5 Bxf3 5. dxc6 Bxc6 6. Nc3 Nf6 7. f3 e5 8. dxe5 Nd7 9. e6 fxe6 10. e4 Bc5 11. Bc4 Ne5 12. Qxd8+ Rxd8 13. Bxe6 Nd3+ 14. Ke2 Bb4 15. Bd5 Bxc3 16. Bxc6+ bxc6 17. bxc3 c5 18. c4 Ne5 19. Be3 Kf7 20. Rhd1 c6 21. Bxc5 Nxc4 22. Bxa7 Ke6 23. Bd4 Ra8 24. a4 Ra5 25. Rdc1 Nd6 26. Rxc6 Kd7 27. Rc2 Rha8 28. Bxg7 Rg5 29. Bd4 Rxg2+ 30. Bf2 Rf8 31. Rd1 Ke7 32. Kf1 Rxh2 33. Rxd6 Rxf2+ 34. Kxf2 Kxd6 35. Rb2 Ra8 36. Rb6+ Ke5 37. Rh6 Ra7 38. Rh5+ Kd4 39. Rd5+ Kc4 40. a5 Rb7 41. Kg3 Rb1 42. Rh5 Rg1+ 43. Kf4 Rg7 44. e5 Kd5 45. Rh6 Rf7+ 46. Rf6 Ra7 47. Rd6+ Kc5 48. a6 Rf7+ 49. Rf6 Rg7 50. Kf5 h5 51. f4 Rh7 52. Rg6 h4 53. Rg2 Kd4 54. Rh2 Ke3 55. e6 Kf3 56. Kf6 Kg3 57. Rh1 Kg2 58. Ra1 h3 59. f5 h2 60. Ra2+ Kf3 61. Rxh2 Rxh2 62. e7 Rh6+ 63. Kf7 Kf4 64. f6 Kf5 65. e8Q Rxf6+ 66. Kg7 Rxa6 67. Qc8+ Re6 68. Kf7 1-0

[Event "Titled Tuesday intern op 01st Nov Late"]
[Site "Chess.com INT"]
[Date "2022.11.01"]
[Round "4"]
[White "Schrik, Rachid"]
[Black "Richter, Paul"]
[Result "1-0"]
[WhiteElo "2198"]
[BlackElo "2171"]
[PlyCount "103"]
[EventDate "2022.11.01"]
[EventType "swiss (blitz)"]
[EventRounds "11"]
[EventCountry "USA"]
[SourceTitle "EXT 2024"]
[Source "ChessBase"]
[SourceDate "2023.10.10"]
[SourceVersion "1"]
[SourceVersionDate "2023.10.10"]
[SourceQuality "1"]

1. d4 Nf6 2. c4 g6 3. Nc3 Bg7 4. e4 d6 5. f3 c5 6. d5 0-0 7. Bg5 e6 8. Qd2 exd5 9. cxd5 h5 10. Bd3 Re8 11. Nge2 a6 12. a4 Nbd7 13. Bh6 Bxh6 14. Qxh6 Ne5 15. Bc2 Qb6 16. 0-0 Qxb2 17. Rac1 b5 18. h3 b4 19. Nd1 Qa3 20. f4 Neg4 21. hxg4 Bxg4 22. e5 Nh7 23. Bxg6 fxg6 24. Qxg6+ Kh8 25. Qxd6 Bxe2 26. Nf2 Bxf1 27. Rxf1 Qe3 28. Kh1 Rg8 29. Nh3 Qg3 30. Rf2 b3 31. e6 Qg7 32. f5 b2 33. Rxb2 Qxb2 34. Nf4 Qf6 35. Ng6+ Rxg6 36. fxg6 Qxg6 37. Qe5+ Qf6 38. Qe4 Rg8 39. d6 Qg5 40. d7 Qe7 41. Qe5+ Nf6 42. a5 Rd8 43. Qf5 Kg8 44. Qg5+ Qg7 45. Qf5 Kf8 46. Qe5 Qe7 47. Qf5 Kg8 48. Qg5+ Qg7 49. Qxc5 Qf8 50. e7 Nxd7 51. exf8Q+ Nxf8 52. Qg5+ 1-0

[Event "Titled Tuesday intern op 11th Oct Late"]
[Site "Chess.com INT"]
[Date "2022.10.11"]
[Round "1"]
[White "Schrik, Rachid"]
[Black "Koziorowicz, Michal"]
[Result "0-1"]
[WhiteElo "2198"]
[BlackElo "2296"]
[PlyCount "82"]
[EventDate "2022.10.11"]
[EventType "swiss (blitz)"]
[EventRounds "11"]
[EventCountry "USA"]
[SourceTitle "EXT 2024"]
[Source "ChessBase"]
[SourceDate "2023.10.10"]
[SourceVersion "1"]
[SourceVersionDate "2023.10.10"]
[SourceQuality "1"]

1. d4 Nf6 2. c4 e6 3. Nc3 Bb4 4. a3 Bxc3+ 5. bxc3 b6 6. f3 Bb7 7. e4 d6 8. Bd3 Nbd7 9. Ne2 0-0 10. 0-0 e5 11. Ng3 Re8 12. Ra2 Nf8 13. Raf2 Ne6 14. d5 Nf4 15. Nf5 Bc8 16. Ne3 Nd7 17. Kh1 Nc5 18. Bc2 a5 19. g3 Ng6 20. Nf5 Bxf5 21. exf5 Nf8 22. g4 Qh4 23. Rg2 a4 24. Be3 Nfd7 25. Qd2 e4 26. f4 f6 27. Rfg1 Re7 28. g5 Rae8 29. Rg4 Qh3 30. R4g3 Qxf5 31. gxf6 Nxf6 32. Rg5 Qh3 33. R1g3 Qf1+ 34. Rg1 Qf3+ 35. R1g2 Nd3 36. Bxd3 exd3 37. Bd4 Re1+ 38. Bg1 g6 39. f5 R8e2 40. Rxg6+ hxg6 41. Qg5 Rxg1+ 0-1

[Event "Titled Tuesday intern op 20th Sep Early"]
[Site "Chess.com INT"]
[Date "2022.09.20"]
[Round "1"]
[White "Bagrationi, Alexander"]
[Black "Schrik, Rachid"]
[Result "1-0"]
[WhiteElo "2454"]
[BlackElo "2198"]
[PlyCount "33"]
[EventDate "2022.09.20"]
[EventType "swiss (blitz)"]
[EventRounds "11"]
[EventCountry "USA"]
[SourceTitle "EXT 2023"]
[Source "ChessBase"]
[SourceDate "2022.10.05"]
[SourceVersion "1"]
[SourceVersionDate "2022.10.05"]
[SourceQuality "1"]

1. e4 c5 2. Be2 e5 3. Nf3 Nc6 4. Bc4 Be7 5. c3 Nf6 6. d4 cxd4 7. cxd4 Qc7 8. Nbd2 0-0 9. dxe5 Nxe5 10. Nxe5 Qxe5 11. Qe2 a6 12. 0-0 b5 13. Bd3 Bb7 14. f4 Qd4+ 15. Kh1 d5 16. e5 Ng4 17. Nb3 1-0

[Event "Titled Tuesday intern op 23rd Aug Late"]
[Site "Chess.com INT"]
[Date "2022.08.23"]
[Round "4"]
[White "Schrik, Rachid"]
[Black "Romanchuk, Viktor"]
[Result "0-1"]
[WhiteElo "2198"]
[BlackElo "2266"]
[PlyCount "68"]
[EventDate "2022.08.23"]
[EventType "swiss (blitz)"]
[EventRounds "11"]
[EventCountry "USA"]
[SourceTitle "EXT 2023"]
[Source "ChessBase"]
[SourceDate "2022.10.05"]
[SourceVersion "1"]
[SourceVersionDate "2022.10.05"]
[SourceQuality "1"]

1. d4 d5 2. c4 c6 3. cxd5 cxd5 4. Bf4 Nf6 5. Nc3 Nc6 6. e3 Bf5 7. Qb3 Na5 8. Qa4+ Bd7 9. Qc2 Rc8 10. Bd3 e6 11. h3 Bb4 12. a3 Bxc3+ 13. bxc3 0-0 14. Ne2 a6 15. 0-0 Bb5 16. Rfb1 Bxd3 17. Qxd3 Ne4 18. f3 Nd6 19. e4 Qd7 20. Rb4 Rc6 21. exd5 exd5 22. Bxd6 Qxd6 23. Qf5 Qe6 24. Qd3 Re8 25. Nf4 Qd6 26. Qf5 g6 27. Qxd5 Qxf4 28. Qxa5 Rxc3 29. Rxb7 Rc2 30. Re1 Qxd4+ 31. Kh1 Rce2 32. Rxe2 Rxe2 33. Rb8+ Kg7 34. Qd8 Re1+ 0-1

[Event "Titled Tuesday intern op 22 Mar Early"]
[Site "Chess.com INT"]
[Date "2022.03.22"]
[Round "5"]
[White "Hamitevici, Vladimir"]
[Black "Schrik, Rachid"]
[Result "1-0"]
[WhiteElo "2482"]
[BlackElo "2211"]
[PlyCount "37"]
[EventDate "2022.03.22"]
[EventType "swiss (blitz)"]
[EventRounds "11"]
[EventCountry "USA"]
[SourceTitle "CBM 207 Extra"]
[Source "ChessBase"]
[SourceDate "2022.05.31"]
[SourceVersion "1"]
[SourceVersionDate "2022.05.31"]
[SourceQuality "1"]

1. b3 e5 2. Bb2 Nc6 3. c4 Nf6 4. e3 d5 5. cxd5 Nxd5 6. a3 a5 7. Qc2 Be6 8. Nf3 Bd6 9. Bb5 Bd7 10. Bxc6 Bxc6 11. Bxe5 Bxe5 12. Nxe5 Qg5 13. Nxc6 Qxg2 14. Rf1 0-0 15. Nd4 Rad8 16. Nc3 Nf4 17. 0-0-0 b5 18. Rg1 Qc6 19. Nxc6 1-0

[Event "Titled Tuesday intern op 22 Mar Early"]
[Site "Chess.com INT"]
[Date "2022.03.22"]
[Round "2"]
[White "Schrik, Rachid"]
[Black "Golubev, Mikhail"]
[Result "0-1"]
[WhiteElo "2211"]
[BlackElo "2461"]
[PlyCount "72"]
[EventDate "2022.03.22"]
[EventType "swiss (blitz)"]
[EventRounds "11"]
[EventCountry "USA"]
[SourceTitle "CBM 207 Extra"]
[Source "ChessBase"]
[SourceDate "2022.05.31"]
[SourceVersion "1"]
[SourceVersionDate "2022.05.31"]
[SourceQuality "1"]

1. d4 Nf6 2. c4 g6 3. Nc3 Bg7 4. e4 d6 5. f3 0-0 6. Bg5 Nc6 7. Qd2 a6 8. Rc1 e5 9. d5 Nd4 10. Nge2 c5 11. Nxd4 cxd4 12. Nd1 h6 13. Bh4 g5 14. Bf2 Nh5 15. Bd3 Nf4 16. g3 Nxd3+ 17. Qxd3 f5 18. 0-0 fxe4 19. Qxe4 Bf5 20. Qe2 Bh3 21. Re1 Qf6 22. c5 dxc5 23. Rxc5 Qxf3 24. Qxf3 Rxf3 25. Rc7 Rd8 26. g4 Rxd5 27. Bg3 Bxg4 28. Nf2 Bf5 29. Ne4 Re3 30. Rxe3 dxe3 31. Nc3 Rd2 32. Na4 Rd1+ 33. Kg2 Be4+ 34. Kh3 e2 35. Nc5 Bf5+ 36. Kg2 e1Q 0-1

[Event "Titled Tuesday intern op 18th Jan"]
[Site "Chess.com INT"]
[Date "2022.01.18"]
[Round "1"]
[White "Ambartsumova, Karina"]
[Black "Schrik, Rachid"]
[Result "1-0"]
[WhiteElo "2382"]
[BlackElo "2211"]
[PlyCount "61"]
[EventDate "2022.01.18"]
[EventType "swiss (blitz)"]
[EventRounds "11"]
[EventCountry "USA"]
[SourceTitle "CBM 206 Extra"]
[Source "ChessBase"]
[SourceDate "2022.03.31"]
[SourceVersion "1"]
[SourceVersionDate "2022.03.31"]
[SourceQuality "1"]

1. c4 e5 2. Nc3 Bb4 3. Nf3 Bxc3 4. bxc3 Nc6 5. d3 d6 6. g3 Nge7 7. Bg2 0-0 8. 0-0 f6 9. d4 Kh8 10. Ba3 Qe8 11. c5 d5 12. c4 e4 13. Ne1 f5 14. Nc2 Be6 15. Ne3 Rd8 16. cxd5 Nxd5 17. Nxd5 Bxd5 18. e3 g5 19. Bc1 f4 20. exf4 gxf4 21. Bxf4 Rxf4 22. gxf4 Qg6 23. Kh1 Rg8 24. Rg1 Qf6 25. Qh5 Bf7 26. Qh3 Nxd4 27. Bxe4 Bg6 28. Rxg6 Rxg6 29. Bxg6 Qxg6 30. Qc8+ Kg7 31. Rg1 1-0

[Event "Titled Tuesday intern op 18th Jan"]
[Site "Chess.com INT"]
[Date "2022.01.18"]
[Round "2"]
[White "Di Nicolantonio, Lucas"]
[Black "Schrik, Rachid"]
[Result "0-1"]
[WhiteElo "2416"]
[BlackElo "2211"]
[PlyCount "86"]
[EventDate "2022.01.18"]
[EventType "swiss (blitz)"]
[EventRounds "11"]
[EventCountry "USA"]
[SourceTitle "CBM 206 Extra"]
[Source "ChessBase"]
[SourceDate "2022.03.31"]
[SourceVersion "1"]
[SourceVersionDate "2022.03.31"]
[SourceQuality "1"]

1. e4 c5 2. Nf3 Nc6 3. Bc4 e6 4. 0-0 d5 5. Bb5 dxe4 6. Ne5 Bd7 7. Nxc6 Bxc6 8. Bxc6+ bxc6 9. Nc3 f5 10. Re1 Qd7 11. f3 Nf6 12. fxe4 Qd4+ 13. Kh1 Ng4 14. Rf1 Nf2+ 15. Rxf2 Qxf2 16. d3 Bd6 17. Bd2 Qh4 18. Qg1 0-0 19. Be1 Qh5 20. Bf2 Rab8 21. Rb1 f4 22. b3 f3 23. g3 Qh3 24. Re1 c4 25. d4 Bb4 26. Re3 e5 27. d5 Bxc3 28. Rxc3 cxb3 29. axb3 cxd5 30. exd5 e4 31. Re3 Rbe8 32. g4 Rf7 33. c4 Ref8 34. Qg3 Qg2+ 35. Qxg2 fxg2+ 36. Kxg2 Rxf2+ 37. Kg1 R2f3 38. Rxe4 Rxb3 39. Rd4 Rc3 40. d6 Rd8 41. d7 Kf7 42. Kf1 Ke7 43. Rd3 Rxd3 0-1

[Event "Titled Tuesday intern op 18th Jan"]
[Site "Chess.com INT"]
[Date "2022.01.18"]
[Round "6"]
[White "Schrik, Rachid"]
[Black "Ianov, Viktor"]
[Result "1/2-1/2"]
[WhiteElo "2211"]
[BlackElo "2279"]
[PlyCount "77"]
[EventDate "2022.01.18"]
[EventType "swiss (blitz)"]
[EventRounds "11"]
[EventCountry "USA"]
[SourceTitle "CBM 206 Extra"]
[Source "ChessBase"]
[SourceDate "2022.03.31"]
[SourceVersion "1"]
[SourceVersionDate "2022.03.31"]
[SourceQuality "1"]

1. d4 d6 2. c4 e5 3. Nc3 exd4 4. Qxd4 Nc6 5. Qd2 Nf6 6. e4 Be7 7. Bd3 0-0 8. Nge2 Re8 9. 0-0 Bf8 10. f3 Ne5 11. b3 c6 12. Bb2 a6 13. Rac1 b5 14. cxb5 axb5 15. Kh1 Bb7 16. Bb1 b4 17. Nd1 c5 18. Ne3 Qc7 19. Rfd1 Rad8 20. Nf4 Qb8 21. Nfd5 Nxd5 22. Nxd5 Bxd5 23. Qxd5 Qa7 24. h3 Rc8 25. f4 Nc6 26. e5 dxe5 27. fxe5 Red8 28. Qe4 g6 29. e6 Nd4 30. Bxd4 cxd4 31. Rxc8 Rxc8 32. exf7+ Qxf7 33. Qxd4 Bc5 34. Qd5 Qxd5 35. Rxd5 Be7 36. Bd3 Rc5 37. Rxc5 Bxc5 38. g4 Kg7 39. Kg2 1/2-1/2

[Event "Titled Tuesday intern op 18th Jan"]
[Site "Chess.com INT"]
[Date "2022.01.18"]
[Round "9"]
[White "Schrik, Rachid"]
[Black "Pandey, Srishti"]
[Result "1/2-1/2"]
[WhiteElo "2211"]
[BlackElo "2177"]
[PlyCount "138"]
[EventDate "2022.01.18"]
[EventType "swiss (blitz)"]
[EventRounds "11"]
[EventCountry "USA"]
[SourceTitle "CBM 206 Extra"]
[Source "ChessBase"]
[SourceDate "2022.03.31"]
[SourceVersion "1"]
[SourceVersionDate "2022.03.31"]
[SourceQuality "1"]

1. d4 Nf6 2. c4 e6 3. Nc3 c5 4. d5 exd5 5. cxd5 g6 6. e4 d6 7. f3 Bg7 8. Bg5 0-0 9. Qd2 Nbd7 10. Nh3 a6 11. a4 Rb8 12. Be2 Qc7 13. 0-0 c4 14. Nf2 b5 15. axb5 axb5 16. b4 cxb3 17. Nxb5 Qb6 18. Be3 Nc5 19. Rac1 Nfd7 20. Nd3 Ba6 21. Nxc5 dxc5 22. Na3 Bxe2 23. Qxe2 b2 24. Rb1 Qb4 25. Nc4 Nb6 26. Nxb2 Nxd5 27. exd5 Bxb2 28. Qf2 Rfc8 29. d6 c4 30. d7 Rd8 31. Rbd1 c3 32. Bg5 Qa4 33. Bxd8 Rxd8 34. Rb1 Rxd7 35. Rxb2 cxb2 36. Qxb2 Qa7+ 37. Qf2 Qa5 38. h3 Rd2 39. Qe3 Qa2 40. Rf2 Qa1+ 41. Rf1 Qb2 42. Rf2 Qc1+ 43. Kh2 Qc7+ 44. g3 Rxf2+ 45. Qxf2 Qe5 46. h4 Kg7 47. Kg2 h6 48. Qf1 g5 49. Qf2 Kg6 50. hxg5 hxg5 51. Qc2+ f5 52. Qf2 g4 53. fxg4 fxg4 54. Qc2+ Kg5 55. Qd2+ Kh5 56. Qf4 Qd5+ 57. Kg1 Qd1+ 58. Kg2 Qe2+ 59. Kg1 Qe1+ 60. Kg2 Qe2+ 61. Kg1 Qd1+ 62. Kg2 Qc2+ 63. Kg1 Qb1+ 64. Kg2 Qb2+ 65. Kg1 Qb1+ 66. Kg2 Qc2+ 67. Kg1 Qc5+ 68. Kg2 Qd5+ 69. Kg1 Qd1+ 1/2-1/2

[Event "Titled Tuesday intern op 11th Jan"]
[Site "Chess.com INT"]
[Date "2022.01.11"]
[Round "2"]
[White "Taboas Rodriguez, Daniel"]
[Black "Schrik, Rachid"]
[Result "1-0"]
[WhiteElo "2370"]
[BlackElo "2211"]
[PlyCount "85"]
[EventDate "2022.01.11"]
[EventType "swiss (blitz)"]
[EventRounds "11"]
[EventCountry "USA"]
[SourceTitle "CBM 206 Extra"]
[Source "ChessBase"]
[SourceDate "2022.03.31"]
[SourceVersion "1"]
[SourceVersionDate "2022.03.31"]
[SourceQuality "1"]

1. d4 Nf6 2. Nf3 e6 3. c4 b6 4. Nc3 Bb7 5. Bg5 d5 6. e3 h6 7. Bxf6 Qxf6 8. cxd5 exd5 9. Qb3 c6 10. Bd3 Bd6 11. 0-0 0-0 12. e4 dxe4 13. Nxe4 Qd8 14. Rad1 Bc7 15. Rfe1 Nd7 16. Ng3 Nf6 17. Nf5 Nd5 18. Bc4 Re8 19. Rxe8+ Qxe8 20. Bxd5 cxd5 21. Re1 Qd7 22. Qd3 Re8 23. Ne5 Bxe5 24. dxe5 d4 25. f3 Qe6 26. b3 Rc8 27. Nd6 Rc7 28. Qxd4 Rd7 29. Kf2 Bc6 30. Qc4 Rxd6 31. exd6 Qxd6 32. Kg1 b5 33. Qe2 b4 34. Rd1 Qc5+ 35. Qf2 Qc3 36. Qxa7 Qc2 37. Rf1 Bd5 38. Qf2 Qc3 39. Rd1 Be6 40. Qd2 Qc5+ 41. Qd4 Qc2 42. Qd8+ Kh7 43. Qd3+ 1-0

[Event "Titled Tuesday intern op 04th Jan"]
[Site "Chess.com INT"]
[Date "2022.01.04"]
[Round "2"]
[White "Volkov, Maksim"]
[Black "Schrik, Rachid"]
[Result "1-0"]
[WhiteElo "2153"]
[BlackElo "2211"]
[PlyCount "37"]
[EventDate "2022.01.04"]
[EventType "swiss (blitz)"]
[EventRounds "11"]
[EventCountry "USA"]
[SourceTitle "EXT 2023"]
[Source "ChessBase"]
[SourceDate "2022.10.05"]
[SourceVersion "1"]
[SourceVersionDate "2022.10.05"]
[SourceQuality "1"]

1. d4 Nf6 2. c4 e6 3. g3 Bb4+ 4. Bd2 Be7 5. Nf3 d5 6. Bg2 dxc4 7. 0-0 b5 8. a4 c6 9. Qc2 Nd5 10. Ne5 Bb7 11. b3 cxb3 12. Qxb3 a6 13. Na3 Nd7 14. Nd3 0-0 15. Rfc1 f5 16. Nf4 Rf6 17. axb5 axb5 18. Nc4 Rxa1 19. Rxa1 1-0

[Event "Titled Tuesday intern op 28th Dec"]
[Site "Chess.com INT"]
[Date "2021.12.28"]
[Round "3"]
[White "Schrik, Rachid"]
[Black "Silva, Miguel Antonio Neto"]
[Result "0-1"]
[WhiteElo "2211"]
[BlackElo "2233"]
[PlyCount "60"]
[EventDate "2021.12.28"]
[EventType "swiss (blitz)"]
[EventRounds "11"]
[EventCountry "USA"]
[SourceTitle "CBM 206 Extra"]
[Source "ChessBase"]
[SourceDate "2022.03.31"]
[SourceVersion "1"]
[SourceVersionDate "2022.03.31"]
[SourceQuality "1"]

1. d4 Nf6 2. c4 e6 3. Nc3 Bb4 4. a3 Bxc3+ 5. bxc3 b6 6. f3 d5 7. cxd5 exd5 8. e3 0-0 9. Bd3 Ba6 10. Bxa6 Nxa6 11. Ne2 c5 12. 0-0 Re8 13. Ng3 Nc7 14. a4 Qd7 15. Ra2 Ne6 16. Rd2 Rad8 17. Bb2 Qc6 18. Re1 h5 19. e4 h4 20. Nf5 g6 21. exd5 Nxd5 22. Nxh4 cxd4 23. cxd4 Nef4 24. g3 Rxe1+ 25. Qxe1 Re8 26. Qf1 Qf6 27. Ng2 Nxg2 28. Qxg2 Re1+ 29. Kf2 Qe6 30. f4 Qe3# 0-1